| 000 | 00963nam a22002895a 4500 | ||
|---|---|---|---|
| 006 | a||||fr|||| 00| 0 | ||
| 008 | 150824t2001 njua frb 001 0 eng d | ||
| 010 | _a 99049448 | ||
| 020 | _a0130166804 | ||
| 020 | _a8120317084 | ||
| 040 |
_aEG-ScBUE _beng _cEG-ScBUE |
||
| 082 | 0 | 4 |
_a658.3 _bROB _222 |
| 100 | 1 | _aRobbins, Stephen P., | |
| 245 | 1 | 0 |
_aOrganizational behavior / _cStephen P. Robbins. |
| 250 | _a9th ed. | ||
| 260 |
_aUpper Saddle River : _bPrentice Hall, _cc.2001. |
||
| 300 |
_axxvii, 643 p. : _bcol. ill. ; _c26 cm. + _e1 computer laser optical disc (4 3/4 in.). |
||
| 500 | _aIndexes. | ||
| 500 | _aAppendix. | ||
| 504 | _aIncludes bibliographical references . | ||
| 538 | _aSystem requirements for accompanying computer disc: Macintosh/Windows 95, 98, or NT. | ||
| 590 | _aMenna elemam | ||
| 650 | 0 |
_aOrganizational behavior. _2BUEsh |
|
| 651 | _2BUEsh | ||
| 653 |
_bBUSADM _cAugust2015 |
||
| 942 |
_cBB _k658.3 ROB _2ddc |
||
| 999 |
_c2994 _d2994 |
||